Operation and modeling of the MOS transistor (Record no. 3949)

000 -LEADER
fixed length control field 00577nam a2200205 a 4500
001 - CONTROL NUMBER
control field 3949
003 - CONTROL NUMBER IDENTIFIER
control field BD-DhUET
008 - FIXED-LENGTH DATA ELEMENTS--GENERAL INFORMATION
fixed length control field 031117s1999 nyua b 001 0 eng
020 ## - INTERNATIONAL STANDARD BOOK NUMBER
International Standard Book Number 0071167919
040 ## - CATALOGING SOURCE
Original cataloging agency DLC
Transcribing agency DLC
Modifying agency BD-DhUET
082 00 - DEWEY DECIMAL CLASSIFICATION NUMBER
Classification number 623.815284
Item number TSI/1999
100 ## - MAIN ENTRY--PERSONAL NAME
Personal name Tsividis, Yannis
245 10 - TITLE STATEMENT
Title Operation and modeling of the MOS transistor
250 ## - EDITION STATEMENT
Edition statement 2nd ed.
260 ## - PUBLICATION, DISTRIBUTION, ETC. (IMPRINT)
Place of publication, distribution, etc. New York
Name of publisher, distributor, etc. Oxford University Press
Date of publication, distribution, etc. 1999
300 ## - PHYSICAL DESCRIPTION
Extent xx, 620p.
Other physical details ill.
504 ## - BIBLIOGRAPHY, ETC. NOTE
Bibliography, etc Includes bibliographies
650 #0 - SUBJECT ADDED ENTRY--TOPICAL TERM
Topical term or geographic name as entry element Metal oxide semiconductors - Mathematical models
942 ## - ADDED ENTRY ELEMENTS (KOHA)
Koha item type General Book
Holdings
Sublocation or collection (holding branch) Koha issues (times borrowed) Not for loan Date acquired Shelving location Koha date last seen Location (home branch) Koha normalized classification for sorting Koha item type Source of classification or shelving scheme Koha full call number Price effective from Lost status Piece designation (barcode) Copy number Koha date last borrowed Withdrawn status Damaged status
Central Library, BUET1 2014-11-09Circulation section2020-12-05Central Library, BUET623_000000000000000_8152TSI199General Book 623.8152/TSI/1999 2014-11-09 9300712017-10-23  
Central Library, BUET  2014-12-02Circulation section2014-12-02Central Library, BUET623_815200000000000_TSI_1999General Book 623.8152/TSI/19992014-12-02 930102   
Central Library, BUET  2015-06-25Reading section2015-06-25Central Library, BUET623_815284000000000_TSI_1999Reading Item 623.815284/TSI/19992015-06-25 930053   
Central Library, BUET  1999-04-12Circulation section2017-10-31Central Library, BUET623_815284000000000_TSI_1999General Book 623.815284/TSI/19992017-10-31 930094